000 01274 a2200205 4500
001 54287
005 20260407155814.0
008 260407a1991 arg spa d
003 AR-UNSa-BCEJYS
040 _aAR-UNSa-BCEJYS
_bspa
_cAR-UNSa-BCEJYS
080 _a339.744
_xConvertibilidad
245 1 0 _aConvertibilidad del austral
020 _a950-572-214-1
264 1 _aBuenos Aires :
_bVíctor P. de Zavalía
_c1991
300 _a251 p.
_c23 cm.
505 _a1. La Ley de convertibilidad: su estudio en el congreso de la nación – 2. Convertibilidad del austral y derecho social – 3. Reflexiones a torno al art. 8 de la Ley 23.928: la detención del ajuste monetario hasta el día 1° de abril de 1991 resulta inconstitucional – 4. Primeras reflexiones sobre las preferencias en los concursos y la Ley 23.928 – 5. Influencia de la Ley de convertibilidad y desindexación en el régimen alimentario – 5. La tasa de interés y la Ley 23.928 – 6. Implicancias de la Ley de convertibilidad n° 23.928 en las locaciones urbanas – 7. Las obligaciones en moneda extranjera – 8. Nominalismo, prohibición de actualizar deudas y desindexación en la Ley 23.928.
942 _cBK
590 _aniveau_biblio:m niveau_hierar:0
100 1 _aMoisset de Espanés, Luis
999 _c5456
_d5456